Empires to have land in the americas - Statistics

General Stats
  • This quiz has been taken 116 times
    100 since last reset
  • The average score is 9 of 11
Answer Stats
Hint Answer % Correct
European British Empire
100%
European Spanish Empire
100%
European French Empire
99%
European Portuguese Empire
94%
European Dutch Empire
91%
European Russian Empire
82%
Native American Inca Empire
76%
Native American Aztec Empire
72%
European Swedish Empire
69%
American Mexican Empire
65%
American Brazilian Empire
62%
No matching quizzes found
Score Distribution
Percent of People with Each Score
Percentile by Number Answered
Your Score History
You have not taken this quiz since the last reset